| 000 | 00520nam a2200169 4500 | ||
|---|---|---|---|
| 001 | 116430 | ||
| 003 | ES-MaACL | ||
| 005 | 20230906190715.0 | ||
| 007 | t| | ||
| 008 | 061121s1967 sp r ||||1| spa d | ||
| 100 | 1 |
_aOsterkamp, Theo. _987813 |
|
| 245 | 1 | 0 |
_aSiempre piloto de caza / _cTheo Osterkamp ; traducción de José Patricio Montojo. |
| 260 |
_aMadrid : _bUriarte, _c1967. |
||
| 300 |
_a357 p., 8 lám. : _bil. ; _c22 cm. |
||
| 700 | 1 |
_aMontojo, José Patricio. _982669 |
|
| 852 |
_aES-MaACL _jC-50462 _bR.68367 |
||
| 999 |
_c116430 _d116430 |
||